| 000 | 00743nam a22001937a 4500 | ||
|---|---|---|---|
| 003 | JO-AjAnu | ||
| 005 | 20241019120226.0 | ||
| 008 | 241019b jo ||||| |||| 00| 0 ara d | ||
| 020 | _a2-054-22-9923-978 | ||
| 040 | _cJO-AjAnu | ||
| 041 | _aARA | ||
| 100 | 1 |
_aالمسلماني، مؤيد علي _966323 _eمؤلف |
|
| 245 | 1 | 0 |
_aدليل الزراعة المائية للمبتدئين / _cمؤيد علي المسلماني |
| 250 | _aالطبعة العربية الاولى | ||
| 260 |
_aعمان : _bدار البيروني للنشر والتوزيع، _c2021 |
||
| 300 | _a74 صفحة | ||
| 650 | 7 | 0 |
_aالزراعة المائية - الزراعة اللاترابية - تقنيات الزراعة _966324 |
| 942 |
_2lcc _cBK _n0 |
||
| 999 |
_c33762 _d33762 |
||